| Tag |
First Indicator |
Second Indicator |
Subfields |
| LEADER |
00000cam a22000003i 4500 |
| 001 |
in00002522413 |
| 005 |
20190327174358.0 |
| 006 |
m||||||||d| |||||| |
| 007 |
cr |n||||||||a |
| 008 |
080405s2007 vau|||||s|||||||||||eng|d |
| 035 |
|
|
|a (VaAlASP)ASPFS0001284/afso
|
| 040 |
|
|
|a VaAlASP
|d UtOrBLW
|
| 100 |
1 |
|
|a Sayles, John,
|d 1950-
|
| 245 |
1 |
0 |
|a City of hope (1991) :
|b shooting script /
|c written by John Sayles.
|
| 250 |
|
|
|a [1st electronic ed.].
|
| 264 |
|
1 |
|a Alexandria, VA :
|b Alexander Street Press,
|c 2007.
|
| 336 |
|
|
|a text
|b txt
|2 rdacontent
|
| 337 |
|
|
|a computer
|b c
|2 rdamedia
|
| 338 |
|
|
|a online resource
|b cr
|2 rdacarrier
|
| 490 |
1 |
|
|a American film scripts online
|
| 500 |
|
|
|a Title from HTML title page (viewed Nov. 19, 2008).
|
| 506 |
|
|
|a Access restricted to subscribers.
|
| 538 |
|
|
|a Mode of access: World Wide Web.
|
| 500 |
|
|
|a Electronic resource.
|
| 655 |
|
0 |
|a Electronic books.
|
| 655 |
|
0 |
|a Motion picture plays.
|
| 830 |
|
0 |
|a American film scripts online.
|
| 856 |
4 |
0 |
|z Connect to the full text of this electronic book
|u http://proxy.library.tamu.edu/login?url=http://www.aspresolver.com/aspresolver.asp?AFSO;FS001284
|t 0
|
| 999 |
|
|
|a MARS
|
| 999 |
f |
f |
|s e77429af-e075-3d0f-a037-a9ecfa0428df
|i 62c9183d-9bfe-30fd-8701-75b9acd692c0
|t 0
|
| 952 |
f |
f |
|a Texas A&M University
|b College Station
|c Electronic Resources
|d Available Online
|t 0
|h No information provided
|
| 998 |
f |
f |
|t 0
|l Available Online
|